[Event "EU-chT (Men) 15th"]
[Site "Gothenburg"]
[Date "2005.08.07"]
[Round "9.1"]
[White "Almasi, Zoltan"]
[Black "Radjabov, Teimour"]
[Result "1/2-1/2"]
[WhiteElo "2619"]
[BlackElo "2682"]
[PlyCount "40"]
[EventDate "2005.07.30"]
[EventType "team-swiss"]
[EventRounds "9"]
[EventCountry "SWE"]
[SourceTitle "CBM 109"]
[Source "ChessBase"]
[SourceDate "2005.11.14"]
[SourceVersion "1"]
[SourceVersionDate "2005.11.14"]
[SourceQuality "1"]
[WhiteTeam "Hungary"]
[BlackTeam "Azerbaijan"]
[WhiteTeamCountry "HUN"]
[BlackTeamCountry "AZE"]

1. e4 c5 2. Nf3 Nc6 3. d4 cxd4 4. Nxd4 Nf6 5. Nc3 e5 6. Ndb5 d6 7. Bg5 a6 8.
Na3 b5 9. Nd5 Be7 10. Bxf6 Bxf6 11. c3 Bg5 12. Nc2 O-O 13. a4 bxa4 14. Rxa4 a5
15. Bc4 Rb8 16. Ra2 Kh8 17. Nce3 Be6 18. Qa4 Qc8 19. O-O g6 20. b3 f5 1/2-1/2

[Event "ESP-chT Honor Gp2 49th"]
[Site "Sant Lluis"]
[Date "2005.09.04"]
[Round "5"]
[White "Radjabov, Teimour"]
[Black "Dreev, Alexey"]
[Result "1-0"]
[WhiteElo "2682"]
[BlackElo "2698"]
[Annotator "Lutz,C"]
[PlyCount "129"]
[EventDate "2005.08.31"]
[EventType "team"]
[EventRounds "5"]
[EventCountry "ESP"]
[SourceTitle "CBM 109"]
[Source "ChessBase"]
[SourceDate "2005.11.14"]
[SourceVersion "1"]
[SourceVersionDate "2005.11.14"]
[SourceQuality "1"]

1. d4 d5 2. c4 c6 3. Nc3 Nf6 4. Nf3 e6 5. Bg5 h6 6. Bh4 dxc4 7. e4 g5 8. Bg3 b5
9. Be2 Bb7 10. O-O Nbd7 11. Ne5 $5 {This move is unusual. Here preference has
mainly been given to: 11.Qc2, 11.d5, 11.e5 or 11.a4. Dieser Zug ist
ungewöhnlich. Meist wurde hier 11.Qc2, 11.d5, 11.e5 oder 11.a4 der Vorzug
gegeben.} (11. Qc2) (11. d5) (11. e5) (11. a4) 11... Bg7 (11... b4 $6 {
voluntarily loosens things up on the queenside. lockert freiwillig den
Damenflügel.} 12. Nxd7 Nxd7 (12... Kxd7 $2 13. e5 bxc3 14. exf6 cxb2 15. Rb1
Ba3 16. Qa4 Qf8 17. Bxc4 Kc8 18. Ba6 {1-0 Sasikiran,K-Hatanbaatar,B/Istanbul
2000/EXT 2001 (18)}) 13. Na4 Nb6 14. Nc5 Bxc5 15. dxc5 Qxd1 16. Rfxd1 Na4 17.
Be5 O-O 18. Bxc4 $16 Rfe8 19. f3 Nxc5 20. Bd6 Na4 21. Bb3 Nb6 22. Bxb4 a5 23.
Bc5 a4 24. Bc2 Nc4 25. Rd4 Ba6 26. Bxa4 Rec8 27. b4 Ne5 28. Bc2 Bb5 29. a4 Ra6
30. Kf2 Rca8 31. a5 Rc8 32. Rad1 Raa8 33. Bb3 Kg7 34. g3 Kf6 35. R1d2 g4 36.
Bd1 gxf3 37. Bxf3 Nxf3 38. Kxf3 Kg6 39. Rd7 Re8 40. g4 Bc4 41. R2d4 Bb3 42. h4
f5 43. exf5+ exf5 44. R4d6+ Be6 45. h5+ Kg5 46. Rg7+ Kh4 47. Bf2+ Kh3 48. gxf5
Bd5+ 49. Rxd5 cxd5 50. Rg4 Re4 51. Rxe4 dxe4+ 52. Kxe4 Kg4 53. f6 Kxh5 54. Kd5
Kg6 55. Kc6 h5 56. Kb7 Rf8 57. Bh4 Kf5 58. a6 Kg4 59. a7 Rf7+ 60. Ka6 Rf8 61.
b5 Kxh4 62. b6 Kg4 63. b7 Rxf6+ 64. Kb5 Rf5+ 65. Kc6 Rf6+ 66. Kd5 {1-0 Janssen,
R-Pavasovic,D/Maribor 2004/CBM 102 ext (66)}) 12. Nxd7 $146 {It is surprising
that White so willingly gives up his only advanced piece. Es ist überraschend,
dass Weiß so bereitwillig seine einzige vorgerückte Figur abtauscht.} (12. f4
Nxe5 13. fxe5 (13. dxe5 Nd7 14. f5 Qb6+ 15. Bf2 c5 16. fxe6 fxe6 17. Bh5+ Ke7
18. Qd6+ Qxd6 19. exd6+ Kxd6 20. e5+ Nxe5 21. Bg3 Kc6 $2 (21... Raf8) 22. Rae1
b4 23. Bxe5 Bxe5 24. Rxe5 bxc3 25. Rxe6+ Kd7 26. Bg4 h5 27. Rf7+ Kd8 28. Bf5
Bc8 29. Rd6+ Ke8 30. Bg6 Rh6 31. Rh7+ Kf8 32. Rd8# {1-0 Pedersen,S-Rasmussen,K/
Nyborg 2001/CBM 83 (32)}) 13... Nd7 14. Bg4 (14. a4 a6 15. b3 cxb3 16. Qxb3 O-O
17. Rad1 Qe7 18. Be1 b4 19. Na2 a5 $17 20. Nxb4 axb4 21. Bxb4 c5 22. dxc5 Bc6
23. Bb5 Nxe5 24. Rd6 Qc7 25. Qg3 Rfc8 26. h4 Qe7 27. hxg5 Qxg5 28. Qf2 Bxe4 29.
Bd2 Qg6 30. Rc1 Bf8 31. Rd4 Nf3+ {0-1 Mitkov,M-Grabarczyk,M/Ohrid 2001/CBM 84 
(31)}) (14. d5 O-O 15. dxe6 Nxe5 16. Qxd8 Rfxd8 17. Bxe5 Bxe5 18. exf7+ Kf8 $17
19. Rf5 Bd4+ 20. Kf1 Bc8 21. Rf3 Be5 22. g3 Be6 23. Ke1 Rd7 24. Rc1 Rad8 25.
Rc2 Rd4 26. Re3 Kxf7 27. Bh5+ Ke7 28. Nd1 Bc7 29. Nf2 Bb6 30. Ree2 Rf8 31. Re3
Rdd8 32. Rf3 Rxf3 33. Bxf3 Rf8 34. Bh1 Bxf2+ 35. Rxf2 Rxf2 36. Kxf2 c3 37. bxc3
Bxa2 38. Ke3 Ke6 {0-1 Jean,O-Boudre,J/Marseille 2001/EXT 2002 (38)}) 14... O-O
(14... Qb6 $5) 15. h4 gxh4 16. Bf4 Qb6 17. a4 a6 18. a5 Qa7 19. Kh1 Rad8 20.
Qe1 Qxd4 21. Rd1 Qc5 22. Qxh4 Rfe8 23. Bxh6 Bxh6 24. Bh5 Rf8 25. Bxf7+ Kh7 26.
Bxe6 Nxe5 27. Bf5+ Rxf5 28. exf5 Rxd1 29. Rxd1 Nd3 30. Rf1 Qe5 31. Ne4 c5 32.
Ng5+ Kg7 33. Ne6+ Kh7 34. Qe7+ Kh8 35. Qe8+ {1-0 Bosboom,M-Baum,B/Germany 1997/
GER-chT2 (35)}) (12. Qc2 $5 a6 13. Rad1 O-O 14. f4 Nxe5 15. dxe5 Nd7 16. f5 Re8
17. Bh5 $40 exf5 18. exf5 Bxe5 19. f6 Qb6+ 20. Kh1 Nf8 21. Bxf7+ Kxf7 22. Rd7+
Nxd7 23. Qh7+ Ke6 24. Qf5+ Kd6 25. Rd1+ Kc5 26. a3 {1-0 Horvath,P-Todorovic,G/
Budapest 2003/CBM 93 ext (26)}) 12... Nxd7 (12... Qxd7 13. e5 $5 (13. Be5 $5 {
/\ f2-f4}) 13... Nd5 14. Ne4 {controlling a lot of important black squares.
mit Kontrolle vieler wichtiger schwarzer Felder.}) 13. Bd6 {This bishop is
White's real trump card. In order to castle, Black has to indulge in some
contortions. Dieser Läufer ist der wesentliche Trumpf des Weißen. Um zu
rochieren, muss Schwarz einige Verrenkungen machen.} e5 $5 {Some weeks earlier
13...Bf8 was played here. Einige Wochen früher wurde hier 13...Bf8 gespielt.} (
13... Bf8 {1/2-1/2 Pantsulaia,L-Karjakin,S/Gothenburg 2005/CBM 109/[Lutz] (24)}
) 14. d5 Nb6 15. dxc6 Bxc6 16. a4 $1 {Weiß muss möglichst schnell den
Damenflügel aufbrechen, damit der Bd6 Unterstützung erhält. Dabei schreckt er
nicht vor Materialopfern zurück.} bxa4 (16... a6 17. b3 $40) 17. Nxa4 Nc8 $2 {
Considering the miserable endgame which awaits Black after this move, it is
well worth considering accepting White's sacrifice of the exchange. In
Anbetracht des trostlosen Endspiels, das Schwarz nach diesem Zug ertwartet,
kommt die Annahme des weißen Qualitätsopfers stark in Betracht.} (17... Bxa4
18. Rxa4 Nxa4 (18... Qd7 19. Ra5 $40) 19. Qxa4+ Qd7 {and here the position is
unclear. und die Stellung ist nicht klar:} 20. Qa6 (20. Qa3 Rd8 21. Bb4 Bf8 22.
Bxf8 Rxf8 23. Bxc4 Rh8 $13) 20... Rc8 (20... Rd8 $6 21. Rd1 Bf8 22. Bxc4 Rb8
23. Bxb8 Qxd1+ 24. Bf1 $40) (20... Qc8 $6 21. Qb5+ Qd7 22. Bxc4 Qxb5 23. Bxb5+
Kd8 24. Rd1 $40) 21. Rd1 Rc6 22. Qa3 Qb7 23. Qc3 Rxd6 24. Rxd6 O-O $13) 18. Bc5
Qxd1 19. Rfxd1 Bf8 20. Be3 Bb4 {Black decides to get his king into safety in
double quick time. Schwarz beschließt, schleunigst den König in Sicherheit zu
bringen.} (20... Bxe4 21. Bxc4 Nd6 22. Be2 Bc6 23. Nc3 $40) 21. Bxc4 O-O 22. f3
$16 {The smoke has cleared, and White can lay claim to a clear endgame
advantage. The reason for this is that his pieces are noticeably more active
and he has pressure against a7. Der Rauch hat sich verzogen und Weiß kann
deutlichen Vorteil im Endspiel reklamieren. Der Grund dafür sind seine
wesentlich aktiveren Figuren und der Druck gegen a7.} Rb8 (22... a5 $5 $16) 23.
Nc5 Nb6 24. Be2 Rbd8 25. Nd3 Bb5 26. Rxa7 {And White collects the pawn, and
still maintains his pressure. Damit sackt Weiß den Bauern ein, bei anhaltendem
Druck.} Nc4 27. Nxb4 Rxd1+ 28. Bxd1 Nxe3 29. Bb3 Bc4 30. Bxc4 Nxc4 31. Nc6 Nxb2
32. Nxe5 Nd1 33. Rc7 h5 $6 {Loses a second pawn, but his position was already
bad in any case. Verliert einen zweiten Bauern, aber die Stellung war ohnehin
schon schlecht.} (33... Nb2 $142 34. Kf2 Kg7) 34. Nd7 $18 Rd8 35. Nf6+ Kg7 36.
Nxh5+ Kg6 37. Rc6+ Kh7 (37... Kxh5 38. g4+ Kh4 39. Rh6#) 38. Nf6+ Kg7 39. Rd6
Rxd6 40. Ne8+ Kg6 41. Nxd6 Nb2 42. Kf2 Nd3+ 43. Ke3 Ne1 44. g3 Nc2+ 45. Kd3
Nb4+ 46. Ke2 Nc6 47. Nf5 Ne5 48. h3 f6 49. h4 Nc4 50. hxg5 Kxg5 51. f4+ Kh5 52.
Ne3 Nd6 53. Kd3 Kg6 54. Nc4 Nb5 55. e5 fxe5 56. Nxe5+ Kf5 57. Ke3 Nc3 58. g4+
Ke6 59. Kf3 Nd5 60. Nc4 Ne7 61. Ne3 Nc8 62. g5 Nd6 63. Kg4 Ne4 64. Kh5 Kf7 65.
Kh6 1-0

[Event "EU-Cup 21st"]
[Site "Saint Vincent"]
[Date "2005.09.18"]
[Round "1.2"]
[White "Arlandi, Ennio"]
[Black "Radjabov, Teimour"]
[Result "1/2-1/2"]
[WhiteElo "2432"]
[BlackElo "2682"]
[Annotator "CB"]
[PlyCount "64"]
[EventDate "2005.09.18"]
[EventType "team-swiss"]
[EventRounds "7"]
[EventCountry "ITA"]
[SourceTitle "CBM 110"]
[Source "ChessBase"]
[SourceDate "2006.01.31"]
[SourceVersion "1"]
[SourceVersionDate "2006.01.31"]
[SourceQuality "1"]
[WhiteTeam "Penne"]
[BlackTeam "Paris NAO"]
[WhiteTeamCountry "ITA"]
[BlackTeamCountry "FRA"]

1. d4 Nf6 2. c4 g6 3. Nc3 Bg7 4. e4 d6 5. Nf3 O-O 6. Be2 e5 7. O-O Nc6 8. d5
Ne7 9. Nd2 a5 10. a3 Nd7 11. Rb1 f5 12. b4 Kh8 13. Qc2 Nf6 ({Untill now it was
not much to say since we were following one of the main lines in the Kings
indian defence .} 13... Ng8 {is another theoretical move with the idea to
improve the worst of black pieces .}) 14. Rd1 $5 {Usually White plays either
14.f3 or 14.Bb2, but this rarely played move seems to be Arlandi's speciality
if You look closely to his games against Chan and Gallagher .} axb4 (14... f4
15. c5 axb4 16. axb4 g5 17. Nc4 g4 18. g3 Ng6 19. b5 b6 20. cxd6 cxd6 21. Ba3
Ne8 22. Na4 Rb8 23. Bb4 Nh4 {An unsound piece sacrifice , but Black was
already strategically outplayed .} 24. gxh4 f3 25. Bd3 Bh6 26. Bd2 Qxh4 27.
Bxh6 Qxh6 28. Ncxb6 Qh3 29. Bf1 Qh4 30. Nxc8 Rf6 31. Rd3 Rh6 32. h3 Ng7 33. Qc7
Ra8 34. Nxd6 Rg6 35. Nf7+ Kg8 36. Nxe5 {1-0 Arlandi,E-Chan,J/Mount Buller 
(Australia) 2004}) 15. axb4 Bd7 (15... c6 16. c5 fxe4 17. Ndxe4 Nxe4 18. Nxe4
Bf5 19. Bd3 cxd5 20. Nxd6 e4 $2 {This looks like a blunder .} 21. Bxe4 {
and Black is just a pawn down with worse position as a compensation .} Bg4 22.
f3 Be6 23. Bd3 Nc6 24. Nxb7 Qh4 25. Qf2 Qh5 26. Re1 Ne5 27. Bb2 d4 28. Be4 Ra2
29. Ra1 Rxb2 30. Qxb2 Nc4 31. Qe2 Ne3 32. Nd6 Qe5 33. Ra8 Rxa8 34. Bxa8 Bh6 35.
g3 Bf8 36. Qd3 Bg7 37. Qe4 d3 38. Rxe3 Qa1+ 39. Re1 Bd4+ 40. Kh1 Qc3 41. Qxe6
d2 42. Qe8+ Kg7 43. Qf7+ Kh6 44. Qf4+ {1-0 Arlandi,E-Gallagher,J/Pula 2003})
16. f3 c6 {Diagram # Is this a "modern strategy in action"? Usually Black is
supposed to play on the kingside and not to open the game where all White's
pieces are concentrated .} 17. c5 $5 {A brave pawn sacrifice which looks
unsound on first sight .} cxd5 18. exd5 Nfxd5 19. Nc4 Nxc3 20. Qxc3 e4 21. Qe1
d5 22. Nb6 {After a couple of forced moves it is now clear that White will be
able to reestablish the material balance .} Ra2 23. Bg5 Qe8 24. Bxe7 (24. Nxd7
Qxd7 25. Bc4 Raa8 26. fxe4 fxe4 27. Qxe4 $6 {would have been met by} Qf5 {
where Black is slightly better .}) 24... Qxe7 25. Nxd7 {Trying to play safe .}
(25. Nxd5 Qe8 26. Bc4 {was certainl y more ambitious but also more risky ,
leaving Black with two bishops .}) 25... Qxd7 26. Bc4 Ra3 27. Rxd5 Qe7 28. fxe4
fxe4 29. Rd3 $6 (29. Rbd1 {looks like a normal move .}) 29... Raa8 $6 ({
Returning the favour . Why not} 29... Rxd3 30. Bxd3 e3 {and Black should be
better ?}) 30. Rbd1 Qe5 31. Re3 Rae8 32. Bd5 Rd8 {And here White accepted a
draw offer instead of taking a pawn :} (32... Rd8 33. Rxe4 Qf5 34. Bb3 {
and it is not clear what Black can show for a pawn .}) 1/2-1/2

[Event "EU-Cup 21st"]
[Site "Saint Vincent"]
[Date "2005.09.19"]
[Round "2.3"]
[White "Roiz, Michael"]
[Black "Radjabov, Teimour"]
[Result "1-0"]
[WhiteElo "2593"]
[BlackElo "2682"]
[Annotator "Roiz,M"]
[PlyCount "101"]
[EventDate "2005.09.18"]
[EventType "team-swiss"]
[EventRounds "7"]
[EventCountry "ITA"]
[SourceTitle "CBM 110"]
[Source "ChessBase"]
[SourceDate "2006.01.31"]
[SourceVersion "1"]
[SourceVersionDate "2006.01.31"]
[SourceQuality "1"]
[WhiteTeam "Beer Sheva"]
[BlackTeam "Paris NAO"]
[WhiteTeamCountry "ISR"]
[BlackTeamCountry "FRA"]

{[%mdl 36864]} 1. d4 Nf6 2. Nf3 g6 3. c4 Bg7 4. Nc3 O-O 5. e4 d6 6. Be2 e5 7.
Be3 Ng4 8. Bg5 f6 9. Bh4 ({Another possibility here is:} 9. Bc1) 9... g5 10.
Bg3 Nh6 {That is a very fashionable system nowadays.} 11. d5 {In my opinion
this is the most ambitious way to fight for an advantage.} ({The alternatives
are:} 11. h3) ({and} 11. dxe5) 11... f5 {Teimour comes with a little surprise!}
({I have mainly expected:} 11... Nd7 {--> see comments to 1/2-1/2 Gelfand,
B-Radjabov,T/Plovdiv 2003/CBM 98/[Avrukh,B]}) 12. exf5 g4 (12... Nxf5 13. h4
Nxg3 14. fxg3 gxh4 15. Bd3 e4 16. Nxe4 Bf5 17. Rxh4 $36 {1-0 Markus,R-Miljanic,
B/Budva SCG 2004/The Week in Chess 514 (27)}) 13. Nd2 Bxf5 14. Nf1 {This
manoevre is white's latest attempt to get an advantage - white is going to put
strong pressure on black's Pg4.} ({Nothing special promises:} 14. Nde4 Nd7 15.
Bd3 Kh8 16. O-O a5 17. Qe1 Bg6 18. Qe2 Qe7 $132 {0-1 Gofshtein,L-Kasimdzhanov,
R/Hoogeveen 1999/EXT 2000 (43)}) 14... Nd7 15. Ne3 e4 {Black must play very
energetically in order to activate his pieces.} ({The alternative here is:} 
15... Nc5 {see comments to-->Huzman,A-Avrukh,B/ Pula zt 200 [Huzman]}) 16. O-O
Nc5 17. Rc1 $146 {[%cal Gb2b4,Gc4c5] Protecting the knight and intending to
advance the queen-side pawns by b2-b4 and c4-c5.} ({The alternatives are:} 17.
Qd2 Qg5 18. Rad1 a6 (18... a5 19. Nb5 $36) 19. b4 Nd7 20. c5 Ne5 21. Bxe5 Bxe5
22. Nxf5 Qxf5 23. Qxh6 Bxc3 24. cxd6 Rf6 25. Qh4 cxd6 26. Bxg4 $14 {1/2-1/2
Huzman,A-Sidorenko,I/Ramat Aviv ISR 2004/The Week in Chess 516 (32)}) ({
An immediate tackle gives black full compensation for the pawn:} 17. Nxg4 Bxg4
18. Bxg4 Bxc3 19. bxc3 Qf6 $44 {1/2-1/2 Markus,R-Djukic,N/Herceg Novi SCG 2005
(25)}) 17... a5 {Securing the statement of Nc5.} ({Deserved serious attention:
} 17... Bg6 $5 {keeping the important bishop on board} 18. Bxg4 ({Dubious is:} 
18. b4 $6 Nd3 19. Bxd3 exd3 20. c5 Qd7 $15 21. c6 bxc6 22. dxc6 Qf7 $36) ({
But interesting is also:} 18. Nxg4 $5 Nf5 19. Bf4) 18... Nxg4 19. Qxg4 Nd3 20.
Rc2 Qc8 21. Qe6+ Kh8 $1 $44 {and black has some compensation for the pawn due
to the power of his bishops.} ({Only not} 21... Qxe6 $2 22. dxe6 $16 {[%cal
Gc3d5]})) 18. Nxg4 {Finally I took the pawn, as it's the only way to fight for
an initiative.} ({I didn't like:} 18. Nxf5 $140 $6 Nxf5 19. Bxg4 Nxg3 20. hxg3
Qg5 $44 {and black has full compensation for a pawn.}) 18... Nxg4 19. Bxg4 Qg5
{Activating the queen and connecting the rooks.} ({Comes to consideration also:
} 19... Bg6 $5) 20. Bxf5 Rxf5 {That is the most energetical way - black
intents to double the rooks along the f-file.} ({After} 20... Qxf5 $6 21. Rc2 {
[%cal Gc2e2,Gc3b5]} Nd3 22. Re2 $16 {white consolidates the position keeping a
heavy extra pawn.}) 21. Qc2 {I wanted to connect my rooks as soon as possible.}
({Too slow is:} 21. Rc2 {sending the rook towards e2} h5 22. h4 Qg6 23. Re1 Re8
$44) 21... e3 (21... Re8 22. Rce1 e3 23. Nb5 exf2+ 24. Bxf2 $16) 22. Rce1 {
Intending to force the matters.} ({Black should be O.K after} 22. fxe3 Rxf1+ (
22... Qxe3+ $2 23. Bf2 Qd3 24. Rfd1 Qxc2 25. Rxc2 $16) 23. Rxf1 Qxe3+ 24. Kh1
Re8 $44 (24... Qd3 $5 25. Qxd3 Nxd3 26. Nb5 Nxb2 27. Nxc7 Rf8 28. Rxf8+ Bxf8
$11)) ({But it deserved attention} 22. Nb5 $5 {keeping control of the d4-spot:}
Raf8 23. Rce1 exf2+ 24. Rxf2 Rxf2 25. Bxf2 Be5 $14 {although black has some
compensation here.}) 22... exf2+ ({Now after} 22... Raf8 $6 23. f4 $1 (23. Rxe3
$6 Qxe3 24. Qxf5 Qd4 25. Qc2 Qxc4 $44) (23. Nb5 R5f7) 23... Qg6 24. Rf3 $16 {
white is able to neutralize black's activity.}) 23. Bxf2 Raf8 {Now black's
pressure along the f-file is quite unpleasant, so I wanted to simplify the
position even at cost of loosing a pawn.} 24. Ne4 ({After} 24. Bxc5 dxc5 25.
Rxf5 Rxf5 $14 {it's very hard to convert the extra pawn to a full point.}) (24.
Qe2 $5) 24... Nxe4 ({Deserved attention also:} 24... Qg6 25. Nxc5 (25. Ng3 Rxf2
26. Rxf2 Rxf2 27. Qxf2 Nd3 $11) (25. Bxc5 dxc5 26. Rxf5 Bd4+ 27. Kh1 Qxf5 $14)
25... dxc5 26. Re3 $14 {[%cal Ge3f3,Ge3g3] although white maintains some edge
here.}) 25. Qxe4 (25. Rxe4 Be5 $44) 25... Be5 $1 {I have underestimated this
strong move. Now white should be careful.} ({I have expected only:} 25... Bxb2
26. Be3 Rxf1+ 27. Rxf1 Rxf1+ 28. Kxf1 $14 {with a risk-free advantage.}) 26.
Be3 ({Nothing gives also:} 26. Bh4 Rxf1+ 27. Rxf1 Rxf1+ 28. Kxf1 Qc1+ 29. Be1
Qxb2 $11) ({or} 26. g3 Qf6 $44 {[%csl Rf1,Rf2]} (26... Bxb2 27. Be3 Rxf1+ 28.
Rxf1 Rxf1+ 29. Kxf1 $14)) 26... Rxf1+ $2 $138 {This was played very quickly.
At the same time, it's a serious mistake which leads to a very hard endgame.} (
{Black could equalize by:} 26... Qh5 $1 27. Rxf5 (27. g3 Rxf1+ 28. Rxf1 Rxf1+
29. Kxf1 Qxh2 30. Qg4+ Kf7 31. Qe6+ Kg7 32. Qe7+ Kg6 $11) (27. h3 Rxf1+ 28.
Rxf1 Bh2+ 29. Kxh2 Rxf1 30. Qe6+ Rf7 (30... Qf7 31. Qc8+ Kg7 32. Qxb7 Re1 33.
Qa7 $14) 31. Qe8+ Kg7 32. Bd4+ Kh6 $132) 27... Bxh2+ 28. Kh1 Rxf5 29. g4 Qh4
30. Qxf5 Bf4+ 31. Kg2 Qg3+ 32. Kf1 Qh3+ $11) 27. Rxf1 Rxf1+ 28. Kxf1 Qh5 29. h3
$16 Bxb2 $2 {Tje decisive mistake which allows white to trade queens.} ({
Black could keep some practical drawish chances after:} 29... a4 30. Qc2 Qf7+
31. Ke2 Qe8 $16) 30. Qe6+ Kg7 31. Qd7+ Qf7+ (31... Kf6 32. Qd8+ $18) 32. Qxf7+
Kxf7 33. a4 $18 {Fixing black's queen-side pawns at the dark squares. Now the
endgame is winning from a technical point of view.} Kf6 (33... c6 34. dxc6 bxc6
35. Bd2 $18) 34. Ke2 Kf5 35. Kd3 h5 36. Bd2 {Forcing black's next move.} b6 {
Now black's queen-side pawn majority isn't significant at all!} 37. Ke3 Bf6 38.
Kf3 {[%cal Gg2g4] Intending to advance the g-pawn.} Kg6 ({Hopeless would be
also:} 38... h4 39. Be1 Bg5 40. g3 hxg3 41. Bxg3 Be7 42. h4 Bf6 43. Bf2 Be7 44.
h5 Kg5 (44... Bg5 45. Be3 Bxe3 46. Kxe3 Kg5 47. Ke4 Kxh5 48. Kf5 $18) 45. Ke4
Kxh5 46. Kf5 $18 {[%csl Rc7][%cal Gf5e6,Ge6d7]}) 39. g4 Bh4 40. gxh5+ Kxh5 41.
Ke4 ({Even simpler would be:} 41. Be3 Bf6 42. Kf4 Bg5+ (42... Kg6 43. Kg4 $18)
43. Ke4 $18) 41... Kg6 42. Bf4 Bf6 43. Bg3 Kg5 ({or} 43... Bd8 44. h4 $18 {
[%cal Gh4h5]}) 44. c5 $1 {A decisive breakthrough which kills all black's
hopes.} dxc5 ({After} 44... bxc5 45. Be1 $18 {the Pa5 falls, so white's passed
Pa4 will decide the game.}) (44... Be7 45. cxb6 cxb6 46. Kd4 Kf5 47. Kc4 Ke4
48. Bf2 Bd8 49. h4 Kf3 50. Bd4 Bxh4 51. Bxb6 Be1 52. Kb5 Ke4 53. Bxa5 $18) 45.
Bxc7 b5 46. axb5 a4 47. d6 ({Good enough was also:} 47. Bf4+ Kh4 48. Bc1 Bd8
49. Ba3 Bb6 50. d6 Kxh3 51. Kd5 $18) 47... a3 48. d7 a2 (48... Kg6 49. Be5 $18)
49. Be5 {Neutralising black's counterplay. The rest is just an agony, as
white's position is completely winning.} Bd8 (49... Bxe5 50. d8=Q+ Kh6 (50...
Bf6 51. Qg8+ $18 {[%csl Ra2][%cal Gg8a2]}) 51. Qd2+ $18 {[%csl Ra2][%cal Gd2a2]
}) 50. Kd5 Kf5 51. Ba1 1-0